000 00574cam a22002051 4500
001 af 47005275
003 DLC
005 20260227110830.0
008 860825s1943 gw 000 0 ger c
010 _aaf 47005275
035 _a(OCoLC)14137936
040 _aYale Univ. Library
_cCU
_dDLC
042 _apremarc
050 0 0 _aPT2635.E454
_bH4
100 1 _aReifenrath, Joachim Wolfgang,
_d1917-
245 1 0 _aEin herz in eisen; erzählungen.
260 _aWolfenbĂĽttel
_aund Berlin,
_bG. Kallmeyer,
_c1943.
300 _a84 p., 1 l.
_c22 cm.
500 _a"4.-13. tausend."
999 _c3031
_d3031